Giáo trình Ngôn ngữ học

Trình bày về: bản chất và chức năng của ngôn ngữ, nguồn gốc và sự phát triển của ngôn ngữ, ngôn ngữ với tư duy và văn hoá, các ngôn ngữ trên thế giới, chữ viết, ngôn ngữ học, ngữ âm học, từ vựng học, ngữ pháp học, ngữ nghĩa học, ngữ dụng học, ứng dụng ngôn ngữ học...

Πλήρης περιγραφή

Αποθηκεύτηκε σε:
Λεπτομέρειες βιβλιογραφικής εγγραφής
Κύριος συγγραφέας: Nguyễn Thiện Giáp (Tác giả)
Μορφή: Βιβλίο
Γλώσσα:Vietnamese
Έκδοση: H. Nxb Đại học quốc gia 2008
Θέματα:
Ετικέτες: Προσθήκη ετικέτας
Δεν υπάρχουν, Καταχωρήστε ετικέτα πρώτοι!
Thư viện lưu trữ: Mạng thư viện Đại học Đà Nẵng
LEADER 01611nam a2200373 4500
001 000007683
003 3846
005 20111017091040.0
008 111011s2008 viesd
020 |c 105000đ 
041 0 |a vie 
082 |a 410.7  |b NG-G 
100 0 |a Nguyễn Thiện Giáp  |e Tác giả 
245 0 |a Giáo trình Ngôn ngữ học  |c Nguyễn Thiện Giáp tác giả 
260 |a H.  |b Nxb Đại học quốc gia  |c 2008 
300 |a 523 tr.  |c 24 cm 
500 |a Trường Đại học khoa học xã hội và nhân văn -Đại học quốc gia Hà Nội 
520 |a Trình bày về: bản chất và chức năng của ngôn ngữ, nguồn gốc và sự phát triển của ngôn ngữ, ngôn ngữ với tư duy và văn hoá, các ngôn ngữ trên thế giới, chữ viết, ngôn ngữ học, ngữ âm học, từ vựng học, ngữ pháp học, ngữ nghĩa học, ngữ dụng học, ứng dụng ngôn ngữ học 
600 |a Nguyễn Thiện Giáp 
653 |a Ngôn ngữ học 
653 |a Ngữ âm học 
653 |a Ngữ nghĩa học 
653 |a Giáo trình  |a Ngữ pháp học 
910 |a Duyên 
OWN |a LSP 
AVA |a UDN50  |b LSP  |d 410.7 NG-G  |e check_holdings  |t Error 5003 Not defined in file expand_doc_bib_avail.  |h N  |k 1 
999 |a From the UDN01 
AVA |a UDN50  |b LSP  |d 410.7 NG-G  |e available  |t Error 5001 Not defined in file expand_doc_bib_avail.  |f 23  |g 4  |h N  |i 25  |k 1 
TYP |a Monograph 
TYP |a Printed language 
980 |a Mạng thư viện Đại học Đà Nẵng